Famous Canadians - Sudden Death - Statistics

General Stats
  • This quiz has been taken 44 times
  • The average score is 13 of 20
Answers on the Grid
Answers color-coded by a green-red scale on the quiz's grid according to % correct below.
Pamela Anderson
Paul Anka
Neve Campbell
Nelly Furtado
Sandra Oh
Tara Strong
Alan Thicke
Emily VanCamp
Finn Wolfhard
Bryan Admas
Keanu Reeves
Nickelback
Matthew Perry
Drake
Cory Monteith
Jim Carrey
Cobie Smulders
Carly Rae Jepsen
Justin Bieber
Margaret Atwood
Tina Fey
Kate Moss
Morgan Freeman
Eminem
Leonardo DiCaprio
Daniel Radcliffe
Britney Spears
Clint Eastwood
Bob Dylan
Neil Armstrong
 
Answer Stats
Answer % Correct
Justin Bieber
90%
Drake
87%
Bryan Admas
74%
Jim Carrey
74%
Pamela Anderson
74%
Carly Rae Jepsen
68%
Cobie Smulders
68%
Keanu Reeves
68%
Nickelback
68%
Paul Anka
68%
Matthew Perry
65%
Alan Thicke
58%
Cory Monteith
58%
Sandra Oh
58%
Tara Strong
58%
Emily VanCamp
55%
Nelly Furtado
55%
Neve Campbell
55%
Margaret Atwood
52%
Finn Wolfhard
48%
No matching quizzes found
Score Distribution
Percent of People with Each Score
Percentile by Number Answered
Your Score History
You have not taken this quiz